Emerging Southeast Asia : a study in growth and stagnation /

Bibliographic Details
Main Author: Fryer, Donald W., 1920-
Format: Book
Language:English
Published: New York : Wiley, [1979]
Edition:2d ed.
Subjects:

MARC

Tag First Indicator Second Indicator Subfields
LEADER 00000pam a2200000 i 4500
001 in00000061530
005 20151007082827.0
008 780414s1979 nyuab b 00110 eng
010 |a  78007804  
019 |a 5344424 
020 |a 0470262982 
035 |a (OCoLC)03869964 
035 |9 AAF8458AM 
040 |a DLC  |c DLC  |d TXA  |d UtOrBLW 
043 |a as----- 
049 |a TXAM  |c [1191526] 
050 0 0 |a HC412  |b .F75 1979 
082 0 |a 330.9/59 
100 1 |a Fryer, Donald W.,  |d 1920- 
245 1 0 |a Emerging Southeast Asia :  |b a study in growth and stagnation /  |c Donald W. Fryer. 
250 |a 2d ed. 
264 1 |a New York :  |b Wiley,  |c [1979] 
264 4 |c ©1979 
300 |a 540 pages :  |b illustrations, maps ;  |c 24 cm. 
336 |a text  |b txt  |2 rdacontent 
337 |a unmediated  |b n  |2 rdamedia 
338 |a volume  |b nc  |2 rdacarrier 
500 |a "A Halsted Press book." 
500 |a Includes index. 
504 |a Bibliography: pages [497]-526. 
651 0 |a Southeast Asia  |x Economic conditions. 
999 |a MARS 
999 f f |s 086c768b-424e-3d91-8996-c4782c8b91af  |i a1bf9a28-8d5e-38c7-9cf2-1e3d40e0d149  |t 0 
952 f f |p ric  |a Texas A&M University  |b Rellis Campus  |c Joint Library Facility  |d Remote Storage  |t 0  |e HC412 .F75 1979  |h Library of Congress classification  |i unmediated -- volume  |m A14802599387 
998 f f |a HC412 .F75 1979  |t 0  |l Remote Storage